Keith Haring's line : race and the performance of desire /

שמור ב:
מידע ביבליוגרפי
מחבר ראשי: Montez, Ricardo
פורמט: ספר
שפה:אנגלית
יצא לאור: Durham : Duke University Press, 2020
תגים: הוספת תג
אין תגיות, היה/י הראשונ/ה לתייג את הרשומה!

MARC

LEADER 00000nam a22000007i 4500
001 IT\ICCU\UBO\4874959
003 ItRI
005 20260115232011.0
008 250428s2020 xxu|||||| ||||| |||||c
020 |a 9781478009535 
040 |b ita  |c importazione bologna sebina 
041 7 |a eng  |2 ISO-639-2 
100 1 |a Montez, Ricardo  |0 IT\ICCU\UBOV\156654 
240 1 0 |a Keith Haring's line  |3 IT\ICCU\UBO\4874960  |9 Montez, Ricardo 
245 1 0 |a Keith Haring's line :  |b race and the performance of desire /  |c Ricardo Montez. 
260 |a Durham :  |b Duke University Press,  |c 2020 
300 |a xv, 149 p. :  |b ill. ;  |c 23 cm 
942 |2 ddc  |c BK  |n 0 
952 |0 0  |1 0  |4 0  |6 DOC_700_920000000000000_MON  |7 0  |9 18687  |a BO  |b BO  |d 2026-01-15  |i 20571  |l 0  |o DOC 700.92 MON  |p BO20571  |r 2026-01-15 23:20:11  |w 2026-01-15  |x [Sebina 5] [1 v.]  |y BK  |z 1 v. 
999 |c 15850  |d 15850